Dravida kavyasasthravum thinnasidhantavum/ (Record no. 181796)

000 -LEADER
fixed length control field 00432nam a22001577a 4500
020 ## - INTERNATIONAL STANDARD BOOK NUMBER
ISBN 978-81-19443-23-9
082 ## - DEWEY DECIMAL CLASSIFICATION NUMBER
Classification number M 894.8
Item number SIS/D
100 ## - MAIN ENTRY--AUTHOR NAME
Personal name Sisupalan K.
245 ## - TITLE STATEMENT
Title Dravida kavyasasthravum thinnasidhantavum/
Statement of responsibility, etc by Sisupalan K.
250 ## - EDITION STATEMENT
Edition statement 2nd ed.
260 ## - PUBLICATION, DISTRIBUTION, ETC. (IMPRINT)
Place of publication Kozhikode:
Name of publisher Pavanatma Publishers Pvt. Ltd.,
Year of publication 2023.
300 ## - PHYSICAL DESCRIPTION
Number of Pages 296p.
650 ## - SUBJECT ADDED ENTRY--TOPICAL TERM
Topical Term Tholkappiyam- Study
650 ## - SUBJECT ADDED ENTRY--TOPICAL TERM
Topical Term Dravidian Literature
942 ## - ADDED ENTRY ELEMENTS (KOHA)
Koha item type Book
Holdings
Withdrawn status Lost status Damaged status Not for loan Permanent Location Current Location Shelving location Date acquired Cost, normal purchase price Full call number Accession Number Price effective from Koha item type
        Sree Sankaracharya University of Sanskrit Sree Sankaracharya University of Sanskrit Stacks 25.05.2026 590.00 M 894.8 SIS/D 108951 25.05.2026 Book